Zauber Kunststücke (Record no. 4472)

MARC details
000 -CABECERA
campo de control de longitud fija 00514nam a2200205 a 4500
001 - NÚMERO DE CONTROL
campo de control BRCA_4775
005 - FECHA Y HORA DE LA ÚLTIMA TRANSACCIÓN
campo de control 20190320204811.0
008 - DATOS DE LONGITUD FIJA--INFORMACIÓN GENERAL
campo de control de longitud fija 071010s1910----gw-a######---#000-0#ger-#
041 ## - CÓDIGO DE LENGUA
Código de lengua del texto/banda sonora o título independiente ger
044 ## - CÓDIGO DEL PAÍS DE LA ENTIDAD EDITORA/PRODUCTORA
Código MARC del país gw
050 #4 - SIGNATURA TOPOGRÁFICA DE LA BIBLIOTECA DEL CONGRESO
Número de clasificación GV1559
Número de documento/Ítem .Z38 1910
245 10 - MENCIÓN DE TÍTULO
Título Zauber Kunststücke
Mención de responsabilidad, etc. herausgegeben von A. Czepa.
260 ## - PUBLICACIÓN, DISTRIBUCIÓN, ETC.
Lugar de publicación, distribución, etc. Ravensburg, Alemania
Nombre del editor, distribuidor, etc. O. Maier
Fecha de publicación, distribución, etc. [1910]
300 ## - DESCRIPCIÓN FÍSICA
Extensión 60 p.
Otras características físicas il.
Dimensiones 19 cm.
440 #0 - MENCIÓN DE SERIE/PUNTO DE ACCESO ADICIONAL--TÍTULO
Título Spielbucker
Designación de volumen o secuencia 7
9 (RLIN) 12070
500 ## - NOTA GENERAL
Nota general K5
650 14 - PUNTO DE ACCESO ADICIONAL DE MATERIA--TÉRMINO DE MATERIA
Término de materia o nombre geográfico como elemento de entrada Magia
9 (RLIN) 12071
902 ## - CATALOGADOR
Iniciales GFM
942 ## - ELEMENTOS DE PUNTO DE ACCESO ADICIONAL (KOHA)
Fuente del sistema de clasificación o colocación Library of Congress Classification
Tipo de ítem Koha Libros
Holdings
Estado de retiro Estado de pérdida Estado dañado No para préstamo Localización permanente Ubicación/localización actual Fecha de adquisición Número de inventario Total de préstamos Signatura topográfica completa Código de barras Fecha visto por última vez Precio válido a partir de Tipo de ítem Koha
El ejemplar forma parte de la colección y puede ser consultado según las políticas vigentes.       Biblioteca del Museo Franz Mayer (Rogerio Casas-Alatriste) Biblioteca del Museo Franz Mayer (Rogerio Casas-Alatriste) 08/10/2010 K5   GV1559 .Z38 1910 (K5) 4801 22/03/2019 22/03/2019 Libros